00638nam a22002057a 450000500170000001000130001702000220003003500130005203700160006504000120008108200190009310000210011224500850013326000470021827000430026530000250030850000330033365000390036665000270040520170124110039.0 aA-843629 c00.00a0195104498 aA-843629 bCen Lib/Ret aDPLbEN a808.06665bBAI aBaily, Edward P. aPlain english ata work :cby Edward P. Baily ba guide to writing and speaking / aNew York bOxford Universityb Press c1996 bNew York a198, madison avenue e10016 axiv, 286p.c21cm(Hb) aIncludes appendix and index  aEnglish languagexBusiness English aBusiness presentations